=LDR 00000nam 2200000 4500 =001 INLIS000000000042791 =005 20150205115315.0 =006 =007 =008 Ind =035 ##$$0010-101300000000713 =041 ##$$a Ind =082 ##$$a 664.062 =090 ##$$a 664.062, Cho z =100 ##$$a Choiril Azmiyawati =245 ##$$a Zat kimia berbahaya dalam makanan =260 ##$$a 2007 $b Jakarta =300 ##$$a iv, 44 hlm., ilus, 21 cm =650 ##$$a Makanan - Zat Kimia =700 ##$$a Waldjinah =850 ##$$a NBPNMAT =990 ##$$a 0001/BPAP-NTB/20142015 =990 ##$$a 0001/BPAP-NTB/20142015 =990 ##$$a 21602839/BPAP-NTB/2017